| 000 | 00449pab a2200169 454500 | ||
|---|---|---|---|
| 008 | 180718b2011 xxu||||| |||| 00| 0 eng d | ||
| 100 | _aBulmer, W.Elliot | ||
| 245 | _aAn analysis of the Scottish national party's draft constitution for Scotland | ||
| 260 | _c2011 | ||
| 300 | _ap.674-693. | ||
| 362 | _aOct | ||
| 650 | _aScotland - Constitution | ||
| 650 | _aConstitutions | ||
| 773 | _aParliamentary Affairs | ||
| 908 | _aN | ||
| 909 | _a93814 | ||
| 999 |
_c93814 _d93814 |
||